000 00261nam a22001097a 4500
008 170124b xxu||||| |||| 00| 0 eng d
020 _a0935890998
041 _aeng
080 _a618.2
245 _aTNCC/ TRAUMA NURSING CORE COURSE
_cBROERING, B
942 _2udc
_cBK
999 _c3459
_d3459